Languages in East Asia for 90 seconds - Statistics

General Stats
  • This quiz has been taken 25 times
  • The average score is 7 of 18
Answer Stats
Picture Answer % Correct
Cantonese
91%
Japanese
77%
Taiwanese
73%
Mongolian
68%
Wu
59%
Hakka
55%
North Korean
55%
South Korean
50%
Portuguese
32%
English
27%
Putonghua
23%
Standard Mandarin Chinese
14%
Cantonese Chinese
9%
Korean Sign Language
9%
Macau Cantonese
9%
Macau Chinese
9%
Standard Korean
9%
Uyghur
9%
No matching quizzes found
Score Distribution
Percent of People with Each Score
Percentile by Number Answered
Your Score History
You have not taken this quiz